000 00356 a2200169 4500
001 73503
020 _a850805422-X
040 _cAnchieta - Colégio São Paulo
100 _aAlencar, José de
240 1 0 _aLucíola
_lpor
245 1 0 _aLucíola
300 _a127
362 0 _a1997
440 1 _aÁtica
650 4 _aFicção brasileira
942 _cBK
999 _c73503
_d73503